Statistics for Countries With Highest GDP as a Percent of Continent

Click here to take the quiz!

General Stats

  • This quiz has been taken 29,960 times
    (20,576 since last reset)
  • The average score is 19 of 21

Answer Stats

% of GDPCountry% Correct
80.1%United States
100%
39.6%China
99%
83.6%Australia
97%
10.1%France
97%
10.4%United Kingdom
97%
15.5%Germany
97%
49.6%Brazil
96%
10.9%Russia (European)
95%
7.0%Canada
94%
15.2%India
93%
8.3%Japan
93%
9.2%Mexico
92%
15.1%Argentina
90%
10.9%South Africa
90%
8.5%Italy
89%
19.4%Egypt
88%
13.4%New Zealand
84%
16.1%Nigeria
78%
7.3%Chile
77%
11.6%Colombia
75%
7.4%Algeria
55%

Score Distribution

Percentile by Number Answered

Percent of People with Each Score

Your Score History

You have not taken this quiz since the last reset